V zvonení ticha Národný park Nízke Tatry

Bibliographic Details
Main Author: Pacl, Juraj, 1926-2011 (Author)
Format: Article
Language:Slovak
PhysicalDescription:Fotogr. 1
Subjects:

MARC

LEADER 00000nab a2200000 a 4500
001 vtls000503178
003 SK-MaSNL
005 20260304083243.0
008 250425c1993 xo 0 slo
015 |a SNBRB19rr/mm-uuuuu 
035 |a CL0503316 
035 |a urn:nbn:sk:snk-ab2vad 
035 |a (urnnbn)urn:nbn:sk:snk:ar-a02zr7 
035 |a (uuid)777c9319-b7c2-4c01-afdd-086a6b72a325 
040 |a SNKBUCL  |b slo  |c SNKBUCL  |e AACR2 
041 0 |a slo 
044 |a xo  |c SK 
080 |a 502.4  |2 1981 
080 |a 796.5  |2 2011 
080 |a 796.5:625.711.8  |2 2011 
100 1 |a Pacl, Juraj,  |d 1926-2011  |4 aut  |9 195551 
245 1 0 |a V zvonení ticha  |b Národný park Nízke Tatry  |c Juraj Pacl 
300 |b Fotogr. 1 
650 0 7 |a turistika  |2 SNKPH  |9 683 
650 0 7 |a turistické chodníky  |2 SNKPH  |9 71065 
651 7 |a Národný park Nízke Tatry (Slovensko)  |2 snkbucl  |9 14155 
655 7 |a články z novín a časopisov  |2 snkbucl  |9 267496 
773 0 |t Krásy Slovenska  |g Roč. 70, č. 11-12 (1993), s. 18-19 
850 |a Slovenská národná knižnica 
852 |a Slovenská národná knižnica 
954 |a odborná, vedecká literatúra pôvodná (slovenská)  |2 lita 
958 |a article27 
958 |a OND 
958 |a RK 
958 |a EUIPO 
992 |a RBX 
999 |c 2800074  |d 2802004